| 000 | 00849nam a2200301Ia 4500 | ||
|---|---|---|---|
| 001 | AUWbook002428 | ||
| 003 | BDCtgAUW | ||
| 005 | 20260406155205.0 | ||
| 008 | 220908s9999 xx 000 0 eng d | ||
| 020 | _a0807849065 | ||
| 040 |
_aBDCtgAUW _cBDCtgAUW |
||
| 100 | 1 | _aTweed, Thomas A. | |
| 245 | 0 |
_aThe american encounter with buddhism, 1844-1912 : _bvictorian culture and the limits of dissent / |
|
| 260 |
_aChapel Hill : _bUniversity of North Carolina, _c1992. |
||
| 300 | _axxxvi, 242 pages. | ||
| 650 | 0 | _aBuddhism. | |
| 650 | 0 |
_aBuddhism _zUnited States _xHistory. _980130 |
|
| 650 | 0 | _aBuddhist influences. | |
| 650 | 0 | _aCivilization. | |
| 650 | 0 | _aIntellectual life. | |
| 650 | 0 | _aReligion. | |
| 650 | 0 | _aStudy and teaching. | |
| 887 |
_a BRAC _22982 |
||
| 888 | _22982 | ||
| 942 | _cBK | ||
| 945 | _cBK | ||
| 999 |
_c17992 _d17992 |
||